| 000 | 00414 a2200121 4500 | ||
|---|---|---|---|
| 245 |
_aRichard III _b : a medieval kingship _hprint |
||
| 020 | _a0312120311 | ||
| 005 | 20191021100214.0 | ||
| 260 |
_anyu _bSt. Martin's Press _c1993 |
||
| 084 | _aDA260 .R535 1993 | ||
| 300 |
_a154 p., [12] p. of plates : ill., maps _b 24 cm. _c154 p., [12] p. of plates : ill., maps ; 24 cm. |
||
| 500 | _aedited by John Gillingham. | ||
| 999 |
_c13202 _d13202 |
||